000 00652nam a2200217 a 4500
999 _c8033
_d8033
001 8033
003 BD-JhCC
005 20180217182101.0
008 180217s1985 bg |||| |||| 000 0 ben d
035 _a(BD-JhCC)8033
040 _aBD-JhCC
_dBD-JhCC
041 _aben
082 _a792.028
_bZAK 1985
100 _aজাকারিয়া, মোহাম্মদ
245 _aঅভিনয়-ভাবনা /
_cমোহাম্মদ জাকারিয়া,
260 _aঢাকা :
_bবাংলা একাডেমী,
_c1985.
300 _a86 p. :
_c21 cm.
650 _aActing Cast.
942 _2ddc
_cBK